000 00481nam a2200181Ia 4500
008 240729s9999 xx 000 0 und d
022 _a2667-0321
245 0 _aAging and Health Research
260 _aNetherlands
260 _bElsevier
650 _a Geriatrics
650 _a Internal medicine
650 _a Special situations and conditions
650 _aMedicine
856 _uhttps://doaj.org/toc/ad1718b786294ab196c50a037c688b48
942 _2ddc
942 _cDOAJEJ
999 _c69319
_d69319
945 _a1
_bMadushi Gamage
_c1
_dMadushi Gamage